[Event "HUN-ch U10"]
[Site "Balatonlelle"]
[Date "2016.06.29"]
[Round "8"]
[White "Toth, Csongor"]
[Black "Muranyi, Peter"]
[Result "0-1"]
[WhiteElo "1347"]
[BlackElo "1464"]
[PlyCount "116"]
[EventDate "2016.06.24"]
[EventType "swiss"]
[EventRounds "9"]
[EventCountry "HUN"]
[SourceTitle "CBM 173 Extra"]
[Source "ChessBase"]
[SourceDate "2016.08.29"]
[SourceVersion "1"]
[SourceVersionDate "2016.08.29"]
[SourceQuality "1"]

1. e4 e6 2. d4 d5 3. e5 c5 4. Nf3 Nc6 5. Bd3 cxd4 6. a3 Nge7 7. Bf4 f5 8. h3 Ng6 9. Bh2 Be7 10. Nbd2 0-0 11. 0-0 Bd7 12. Nb3 Qb6 13. Qe2 Rac8 14. Rfd1 a6 15. Rab1 Rc7 16. Qd2 Be8 17. Rdc1 Bd7 18. Be2 Rfc8 19. Nbxd4 Nxd4 20. Qxd4 Bc5 21. Qd3 Bxf2+ 22. Kh1 Bb5 23. Qb3 Bxe2 24. Qxb6 Bxb6 25. c3 Bxf3 26. gxf3 Be3 27. Re1 Bf4 28. Bxf4 Nxf4 29. Kh2 Rc4 30. Rbd1 Rd8 31. Kg3 Ng6 32. Rd4 Rxd4 33. cxd4 Rc8 34. f4 Rc2 35. Rb1 Ne7 36. Kf3 Nc6 37. Ke3 Rh2 38. Rc1 Rxh3+ 39. Kd2 Rh2+ 40. Kc3 Rf2 41. Rd1 Rxf4 42. b4 g5 43. Rg1 g4 44. Rd1 g3 45. Rd3 Rg4 46. Rd1 g2 47. Rg1 f4 48. Kd3 f3 49. Ke3 Nxd4 50. Kf2 Ne2 51. Ra1 g1Q+ 52. Rxg1 Nxg1 53. b5 d4 54. bxa6 bxa6 55. a4 d3 56. a5 d2 57. Ke3 d1Q 58. Kf2 Qe2# 0-1

[Event "HUN-ch U10"]
[Site "Balatonlelle"]
[Date "2016.06.25"]
[Round "2"]
[White "Toth, Csongor"]
[Black "Kun, Balint"]
[Result "0-1"]
[WhiteElo "1347"]
[BlackElo "1514"]
[PlyCount "96"]
[EventDate "2016.06.24"]
[EventType "swiss"]
[EventRounds "9"]
[EventCountry "HUN"]
[SourceTitle "CBM 173 Extra"]
[Source "ChessBase"]
[SourceDate "2016.08.29"]
[SourceVersion "1"]
[SourceVersionDate "2016.08.29"]
[SourceQuality "1"]

1. e4 e6 2. d4 d5 3. e5 c5 4. Nf3 Nc6 5. a3 Bd7 6. Bd3 cxd4 7. 0-0 f6 8. Nh4 Nxe5 9. Qh5+ Nf7 10. Nd2 g6 11. Qe2 f5 12. Nhf3 Bd6 13. Nb3 Ne7 14. Nfxd4 e5 15. Nb5 e4 16. Nxd6+ Nxd6 17. Ba6 bxa6 18. Qxa6 Bb5 19. Qa5 Qxa5 20. Nxa5 Bxf1 21. Kxf1 Kd7 22. Bf4 Rhc8 23. c3 Rab8 24. Rb1 Rb5 25. b4 Rxc3 26. Ra1 d4 27. Rd1 d3 28. Bxd6 Kxd6 29. Ke1 Nc6 30. Nxc6 Kxc6 31. g3 Rd5 32. h4 d2+ 33. Ke2 Rc1 34. Rxd2 Rxd2+ 35. Kxd2 Ra1 36. Kc3 Rxa3+ 37. Kd2 Rb3 38. Ke2 Rxb4 39. f3 Rb2+ 40. Ke3 Rb3+ 41. Kf2 e3+ 42. Ke2 a5 43. f4 a4 44. g4 a3 45. h5 a2 46. hxg6 a1Q 47. g7 Qa2+ 48. Ke1 Rb1# 0-1